000
00301nam a22001217a 4500
020
_a
9780340834756
040
_c
nust
082
_a
649.143
_b
PAR
100
_a
Parker, Jan
_9
122903
245
_a
Raising Happy Brothers & Sister
650
_a
Raising Happy Brothers & Sister
_9
122904
942
_2
ddc
_c
BK
999
_c
609288
_d
609288